00883 a2200229 4500010001400000020002400014035001300038037001800051082000800069090001500077245013300092260003900225270009200264300004100356490002100397700001900418700002100437700002300458942002300481999001500504952013400519 aENG-85616 a8186561005c1850.00 aEN-69149 bD.B.Act / Pub14a250 c3267d326700aMandalas of the Bon religioncedited by Tenzin Namdak, Yasuhiko Nagano, Musashi TachikawabTritan Norbutse collection, Kathmandu aDelhibSaujanya Publicationsc2004 a165-E, Kamla NagarbDelhicDelhie110007k23844541l23849007msaujanya@del3.vsnl.net.in axliii, 131 p.bill (col)c28 cm (Hb)1 aBon studies ;v1 aNamdak, Tenzin aNagano, Yasuhiko aTachikawa, Musashi adplcENk250 / MAN c3204d3204 00102ddc40718NFICaDBADbDBADeDBAD/PUBg1850.00l0o250 MANpEN-69149r2008-09-15 00:00:00t1u3410v1850.00w2008-09-15yEN